Paesi al meridiano ovest di 90 gradi - Statistics

Statistiche generali
  • Questo quiz è stato fatto 33 volte
  • Il punteggio medio è 18 su 20
Statistiche sulle risposte
gradi nazione % Corretto
Canada
100%
Stati Uniti
100%
16.40° Argentina
97%
Messico
97%
5.04° Cuba
94%
Guatemala
94%
6.94° Panama
94%
0.77° Belize
91%
14.27° Cile
91%
11.00° Colombia
91%
8.67° Perù
91%
15.96° Brasile
88%
4.05° Costa Rica
88%
0.02° Ecuador
88%
2.30° Nicaragua
84%
El Salvador
81%
15.51° Haiti
81%
0.64° Honduras
81%
11.63° Giamaica
78%
10.69° Bahamas
75%
Nessun quiz corrispondente trovato
Distribuzione punteggi
Percentuale di utenti per punteggio
Percentile per numero di risposta
I tuoi punteggi nel tempo
Non hai fatto questo quiz